| 000 | 01058nac a22003251i 4500 | ||
|---|---|---|---|
| 003 | EG-ScBUE | ||
| 005 | 20221214093324.0 | ||
| 008 | 221214r20011999enka f 001 0 eng d | ||
| 020 | _a1840910437 | ||
| 020 | _a9781840910438 | ||
| 035 | _a(CU)GLAD51097107 | ||
| 035 | _a(CStRLIN)CUBGGLAD51097107-B | ||
| 040 |
_aEG-ScBUE _beng _erda _cEG-ScBUE _dEG-ScBUE |
||
| 082 | 0 | 4 |
_a728 _bSWE _222 |
| 100 | 1 |
_aSweet, Fay, _eauthor. |
|
| 245 | 1 | 0 |
_aSpace : _breshaping your home for the way you want to live / _cFay Sweet. |
| 250 | _aReprinted edition. | ||
| 264 | 1 |
_aLondon : _bConran Octopus, _c2001. |
|
| 300 |
_a160 pages : _bcolor illustrations ; _c29 cm |
||
| 336 |
_2rdacontent _atext _btxt |
||
| 337 |
_2rdamedia _aunmediated _bn |
||
| 338 |
_2rdacarrier _avolume _bnc |
||
| 500 | _aIncludes index. | ||
| 650 | 7 |
_aInterior architecture _xHistory _y20th century. _2BUEsh |
|
| 650 | 7 |
_aInterior decoration _xHuman factors. _2BUEsh |
|
| 650 | 7 |
_aDwellings _xRemodeling. _2BUEsh |
|
| 653 | _bENGARC | ||
| 655 | _vReading book | ||
| 942 |
_cBB _2ddc |
||
| 999 |
_c3066 _d3066 |
||